Statistics for Flags quiz

Click here to take the quiz!

General Stats

  • This quiz has been taken 17 times
  • The average score is 11 of 16

Answer Stats

Answer% Correct
India
93%
Olympics
93%
Soviet Union
93%
Australia
86%
EU/European Union
86%
UN/United Nations
86%
California
79%
LGBT
79%
Texas
79%
Vatican City
79%
NATO
71%
Puerto Rico
64%
Hong Kong
57%
Monaco
57%
Buddhism/Buddhist
21%
Torres Strait Islander
7%

Score Distribution

Percentile by Number Answered

Percent of People with Each Score

Your Score History

You have not taken this quiz